000 00327nam a2200133Ia 4500
008 220216s9999 xx 000 0 und d
100 _aNair V K B
245 0 _aCertain aspects of Hevea breeding
260 _bRubber Board Bulletin
_c1968
300 _a23-28
650 _aHevea breeding
700 _aJacob K T
942 _cJS
999 _c55272
_d55272